000 00261nam a2200097Ia 4500
008 241105s9999 xx 000 0 und d
041 _aeng
100 _aPendharkar Sangeeta
245 _aSenior Citizen Housing Nagpur
260 _bFinal Year B.Arch ID, Pune
_c2014
999 _c360930
_d360930